- Veytia-Bucheli, María Guadalupe
Entry Nombre Personal
001 - NUMERO DE CONTROL
- campo de control: 47555
003 - IDENTIFICADOR DE NUMERO DE CONTROL
- campo de control: UPN
005 - FECHA Y HORA DE LA ÜLTIMA TRANSACCIÓN
- campo de control: 20230111120851.0
008 - DATOS DE LONGITUD FIJA
- campo de control de longitud fija: 221206|| acn||aabn | a|a d
024 ## - OTROS IDENTIFICADORES NORMALIZADOS
- Fuente: orcid
- Número normalizado o código: 0000-0002-1395-1644
040 ## - FUENTE DE CATALOGACIÓN
- Agencia original de catalogación: MX-MxUPN
100 1# - ENCABEZAMIENTO - NOMBRE PERSONAL
- Nombre personal: Veytia-Bucheli, María Guadalupe
370 ## - LUGAR ASOCIADO
- Place of birth: México
371 ## - DIRECCIÓN
- Address: Km. 4.5, Pachuca - Actopan, Campo de Tiro
- City: Pachuca de Soto, Hidalgo
- Country: México
- Postal code: 42039
- Electronic mail address: maria_veytia@uaeh.edu.mx
372 ## - CAMPO DE ACTIVIDAD
- Field of activity: Educación
- Field of activity: Pedagogía, tecnologías de la información y comunicación, enseñanza y aprendizaje, educación a distancia
- Field of activity: Docencia
- Field of activity: Investigación
374 ## - OCUPACIÓN
- Occupation: Doctora en Sistemas y Ambientes Educativos
- Occupation: Profesora universitaria
- Occupation: Investigadora
375 ## - GÉNERO
- Gender: femenino
377 ## - LENGUA ASOCIADA
- Language code: spa
400 1# - VEÁSE - NOMBRE DE PERSONA
- Personal name: Veytia-Bucheli, M.G.
400 1# - VEÁSE - NOMBRE DE PERSONA
- Personal name: Veytia, M.
400 1# - VEÁSE - NOMBRE DE PERSONA
- Personal name: Veytia, M.G.
670 ## - FUENTE EN LA QUE SE LOCALIZARON DATOS
- Cita de la fuente: En recurso en línea Academia y virtualidad, Vol. 12, no. 1 (2019):
- Información localizada: página 7 (María Guadalupe Veytia-Bucheli)
- Uniform Resource Identifier: https://revistas.unimilitar.edu.co/index.php/ravi/article/view/3618/2920
902 ## - CATALOGADOR
- Catalogador: RGJD/061222
